Systems Analysis, Design and Introduction to Software Engineering (Record no. 580)

MARC details
000 -LEADER
Fixed length control field 00574nam a2200193 4500
003 - CONTROL NUMBER IDENTIFIER
Control field SEACOMMC
005 - DATE AND TIME OF LATEST TRANSACTION
Control field 20260407141142.0
008 - FIXED-LENGTH DATA ELEMENTS--GENERAL INFORMATION
Fixed length control field 240920b |||||||| |||| 00| 0 eng d
020 ## - INTERNATIONAL STANDARD BOOK NUMBER / ISBN
Price Rs.240.00
International Standard Book Number 978-8176602907
040 ## - CATALOGING SOURCE
Original cataloging agency SEACOMMC
082 ## - DEWEY DECIMAL CLASSIFICATION NUMBER
Classification number 004.23
Book Number P273
100 ## - MAIN ENTRY--PERSONAL NAME
Personal name Parthasarathy, S
245 1# - TITLE STATEMENT
Title Systems Analysis, Design and Introduction to Software Engineering
Statement of responsibility S. Parthasarathy and B. W. Khalkar
250 ## - EDITION STATEMENT
Edition statement 5th ed.
260 ## - IMPRINT
Place of publication Nasik (Maharastra)
Name of publisher Master Academy
Date of publication 2006
650 ## - SUBJECT ADDED ENTRY--TOPICAL TERM
Topical term Computer Science
700 ## - ADDED ENTRY--PERSONAL NAME
Personal name Khalkar, B. W.
942 ## - ADDED ENTRY ELEMENTS (KOHA)
Koha item type Books
Holdings
Withdrawn status Lost status Source of classification Damaged status Not for loan Home library Current library Date acquired Total Checkouts Call number Accession number Date last seen Price effective from Koha item type Copy number
    Dewey Decimal Classification     SEACOM MANAGEMENT COLLEGE SEACOM MANAGEMENT COLLEGE 27/09/2007   004.23 P273 M-256 20/09/2024 20/09/2024 Books  
    Dewey Decimal Classification     SEACOM MANAGEMENT COLLEGE SEACOM MANAGEMENT COLLEGE 27/09/2007   004.23 P273 M-257 20/09/2024 20/09/2024 Books 1
    Dewey Decimal Classification     SEACOM MANAGEMENT COLLEGE SEACOM MANAGEMENT COLLEGE 27/09/2007   004.23 P273 M-258 20/09/2024 20/09/2024 Books 2
    Dewey Decimal Classification     SEACOM MANAGEMENT COLLEGE SEACOM MANAGEMENT COLLEGE 27/09/2007   004.23 P273 M-259 20/09/2024 20/09/2024 Books 3
    Dewey Decimal Classification     SEACOM MANAGEMENT COLLEGE SEACOM MANAGEMENT COLLEGE 27/09/2007   004.23 P273 M-260 20/09/2024 20/09/2024 Books 4
    Dewey Decimal Classification     SEACOM MANAGEMENT COLLEGE SEACOM MANAGEMENT COLLEGE 27/09/2007   004.23 P273 M-261 20/09/2024 20/09/2024 Books 5
    Dewey Decimal Classification     SEACOM MANAGEMENT COLLEGE SEACOM MANAGEMENT COLLEGE 27/09/2007   004.23 P273 M-262 20/09/2024 20/09/2024 Books 6
© Seacom Engineering College, All rights reserved.    Powered by Koha